书目信息 |
| 题名: |
西方形式美学
|
|
| 作者: | 赵宪章 主编 | |
| 分册: | ||
| 出版信息: | 上海 上海人民出版社 1996 |
|
| 页数: | 537页 | |
| 开本: | 21cm | |
| 丛书名: | ||
| 单 册: | ||
| 中图分类: | B83-062 | |
| 科图分类: | ||
| 主题词: | 美学--西方国家 | |
| 电子资源: | ||
| ISBN: | 7-208-02178-3 | |
| 000 | 00709nam0 2200241 45 | |
| 001 | CAL 012000468864 | |
| 005 | 20031219104054.5 | |
| 010 | @a7-208-02178-3@dCNY28.00 | |
| 100 | @a19960807 1996 km 0chi eb | |
| 101 | 0 | @achi |
| 102 | @aCN@b310000 | |
| 105 | @ay 000yy | |
| 106 | @ar | |
| 200 | 1 | @a西方形式美学@Axifang xingshi meixue@e关于形式的美学研究@f赵宪章主编 |
| 210 | @a上海@c上海人民出版社@d1996 | |
| 215 | @a537页@d21cm | |
| 300 | @a汉英对照目录. -- 此项研究获国家社会科学基金资助 | |
| 517 | 1 | @a关于形式的美学研究 |
| 606 | @a美学@y西方国家 | |
| 690 | @aB83-062@v4 | |
| 701 | 0 | @a赵宪章@Azhao xian zhang@4主编 |
| 801 | @aCN@bTSTC@c20020415 | |
| 905 | @b308066-070@dB83-062@e156@f5 | |
| 西方形式美学:关于形式的美学研究/赵宪章主编.-上海:上海人民出版社,1996 |
| 537页;21cm |
| 汉英对照目录. -- 此项研究获国家社会科学基金资助 |
| ISBN 7-208-02178-3:CNY28.00 |
| ● |
| 相关链接 |
|
|
|
|
正题名:西方形式美学
索取号:B83-062/156
 
预约/预借
| 序号 | 登录号 | 条形码 | 馆藏地/架位号 | 状态 | 备注 |
| 1 | 0308066 | 203080664 | 第一借阅区/ [索取号:B83-062/156] | 在馆 | |
| 2 | 0308067 | 203080673 | 教育系资料室/ [索取号:B83-062/156] | 在馆 | |
| 3 | 0308068 | 203080682 | 第一借阅区/ [索取号:B83-062/156] | 在馆 | |
| 4 | 0308069 | 203080691 | 教育系资料室/ [索取号:B83-062/156] | 在馆 | |
| 5 | 0308070 | 203080708 | 第一样本阅览室/ [索取号:B83-062/156] | 在馆 |